00726nam a2200241 ar4500001000500000005001700005006001900022008004100041090000900082100003600091245006700127260000900194300003200203500003500235504003100270526002100301563001800322650002400340650003700364650004500401650002300446999001500469423520221127090908.0a a 000 0 150519 su a | 000 0 eng d aSP-S1 aAl Shunaifi, Abdulaziz Youseef.10aStudent attendance system /cby Abdulaziz Youseef Al Shunaifi. c2014 a34 leaves :bill. ;c30 cm. aSupervisor: Dr. Daed Shatnawi. aIncludes bibl. references. aStudent project. aHard binding. 4aCollege attendance. 4aEducation, HigherzSaudi Arabia. 4aUniversities and collegeszSaudi Arabia. 4aWeb sitesxDesign. c4233d4233